|
|
|
|
| LEADER |
01580aam a22004218a 4500 |
| 001 |
000020844 |
| 003 |
17291 |
| 005 |
20150401090410.0 |
| 008 |
150327s2014 viesd |
| 020 |
|
|
|d 2000b
|
| 041 |
0 |
|
|a vie
|
| 082 |
0 |
4 |
|2 23
|a 398.20899922
|b TR-H
|
| 100 |
1 |
|
|a Trần Kiêm Hoàng
|
| 245 |
1 |
0 |
|a Chàng Amã Chisa
|b Akhàt Jucar raglai
|c Trần Kiêm Hoàng, Chamaliaq Riya Tiẻnq
|n Q.1
|p Chàng Amã Chisa
|
| 260 |
|
|
|a H.
|b Văn hoá Thông tin
|c 2014
|
| 300 |
|
|
|a 422 tr.
|c 21 cm.
|
| 500 |
|
|
|a ĐTTS ghi: Hội Văn nghệ dân gian Việt Nam
|
| 504 |
|
|
|a Thư mục tr. 421-422
|
| 650 |
0 |
4 |
|2 Bộ TK TVQG
|a Văn học dân gian
|x Dân tộc Gia Rai
|z Việt Nam
|
| 650 |
|
7 |
|2 Bộ TK TVQG
|
| 651 |
|
7 |
|2 Bộ TK TVQG
|a Việt Nam
|
| 653 |
|
|
|a Dân tộc Gia Rai
|
| 653 |
|
|
|a Văn học dân gian
|
| 653 |
|
|
|a Chàng Amã Chisa
|
| 655 |
|
7 |
|2 Bộ TK TVQG
|a Truyện dân gian
|
| 700 |
1 |
|
|a Chamaliaq Riya Tiẻnq
|
| 773 |
|
|
|a Trần Kiêm Hoàng
|d Văn hoá Thông tin
|d H.
|d 2014
|t Chàng Amã Chisa
|w 628164
|
| 773 |
|
|
|d Văn hoá Thông tin
|d H.
|d 2014
|t Chàng Amã Chisa
|w 17290
|
| OWN |
|
|
|a LSP
|
| AVA |
|
|
|a UDN50
|b LSP
|d 398.20899922 TR-H
|e available
|t Error 5001 Not defined in file expand_doc_bib_avail.
|f 1
|g 0
|h N
|i 0
|k 1
|
| 999 |
|
|
|a From the UDN01
|
| AVA |
|
|
|a UDN50
|b LSP
|d 398.20899922 TR-H
|e available
|t Error 5001 Not defined in file expand_doc_bib_avail.
|f 1
|g 0
|h N
|i 0
|k 1
|
| TYP |
|
|
|a Monograph
|
| TYP |
|
|
|a Printed language
|
| 980 |
|
|
|a Mạng thư viện Đại học Đà Nẵng
|